[Event "DMSl_2006_LSS_R2"]
[Site "SZSzach"]
[Date "2006.02.25"]
[Round "2.1"]
[White "Pinkas, Karol"]
[Black "Dors, Ryszard"]
[Result "1-0"]
[WhiteElo "2295"]
[BlackElo "2211"]
[PlyCount "93"]
[EventDate "2006.??.??"]

1. e4 c6 2. d4 d5 3. Nc3 dxe4 4. Nxe4 Bf5 5. Ng3 Bg6 6. Nf3 Nd7 7. h4 h6 8. h5
Bh7 9. Bd3 Bxd3 10. Qxd3 Qc7 11. Bd2 e6 12. O-O-O Ngf6 13. Ne4 O-O-O 14. g3
Nxe4 15. Qxe4 Be7 16. Kb1 c5 17. Bf4 Bd6 18. Bxd6 Qxd6 19. Qe2 Qc7 20. c4 cxd4
21. Nxd4 a6 22. f4 Nf6 23. c5 Rd5 24. c6 b5 25. Nf3 Rxd1+ 26. Rxd1 Rd8 27. Ne5
Rxd1+ 28. Qxd1 Qd8 29. Qe1 Nxh5 30. a4 Qd5 31. axb5 axb5 32. Qc3 f6 33. Nd7 Kc7
34. Nc5 e5 35. fxe5 fxe5 36. Na6+ Kc8 37. Nb4 Qd4 38. Qf3 Nf6 39. Qf5+ Kc7 40.
Nd3 e4 41. Nf4 Qg1+ 42. Ka2 Qxg3 43. Ne6+ Kxc6 44. Nd4+ Kd6 45. Qe6+ Kc5 46.
Nb3+ Kb4 47. Qe7+ 1-0

[Event "DMSl_2006_LSS_R2"]
[Site "SZSzach"]
[Date "2006.02.25"]
[Round "2.2"]
[White "Sek, Joachim"]
[Black "Stachanczyk, Jacek"]
[Result "1/2-1/2"]
[WhiteElo "2167"]
[BlackElo "2144"]
[PlyCount "44"]
[EventDate "2006.??.??"]

1. e4 e5 2. Nf3 Nf6 3. d4 Nxe4 4. Bd3 d5 5. Nxe5 Nd7 6. Nxd7 Bxd7 7. O-O Bd6 8.
c4 c6 9. Nc3 O-O 10. Nxe4 dxe4 11. Bxe4 Qh4 12. f4 Rfe8 13. Qd3 Re7 14. Bd2
Rae8 15. Bf3 Bg4 16. g3 Qh3 17. Bxg4 Qxg4 18. Rae1 Rxe1 19. Rxe1 Rxe1+ 20. Bxe1
h5 21. Kf2 Qh3 22. Kg1 Qg4 1/2-1/2

[Event "DMSl_2006_LSS_R2"]
[Site "SZSzach"]
[Date "2006.02.25"]
[Round "2.3"]
[White "Zowada, Kazimierz"]
[Black "Skrzyczek, Tomasz"]
[Result "1-0"]
[WhiteElo "2153"]
[BlackElo "2035"]
[PlyCount "41"]
[EventDate "2006.??.??"]

1. d4 Nf6 2. Bg5 Ne4 3. Bf4 c5 4. f3 Qa5+ 5. c3 Nf6 6. d5 d6 7. e4 Nbd7 8. Na3
a6 9. Nc4 Qc7 10. a4 g6 11. h4 Bg7 12. Nh3 Rb8 13. Nf2 b5 14. axb5 axb5 15. Na5
Ra8 16. Nc6 Rxa1 17. Qxa1 c4 18. Be2 Nc5 19. Qa3 e6 20. Qxc5 e5 21. Bxe5 1-0

[Event "DMSl_2006_LSS_R2"]
[Site "SZSzach"]
[Date "2006.02.25"]
[Round "2.6"]
[White "Gorczyca, Dominika"]
[Black "Labedz, Patrycja"]
[Result "1/2-1/2"]
[WhiteElo "1963"]
[BlackElo "1941"]
[PlyCount "82"]
[EventDate "2006.??.??"]

1. d4 d5 2. Nf3 c6 3. c4 Nf6 4. Nc3 dxc4 5. a4 Nd5 6. a5 Bf5 7. e3 Bd3 8. Bxd3
cxd3 9. Nxd5 Qxd5 10. O-O e6 11. Qxd3 Be7 12. Bd2 O-O 13. Bc3 c5 14. Rfd1 Rd8
15. Qe2 Nc6 16. e4 Qh5 17. a6 bxa6 18. Qxa6 Nxd4 19. Nxd4 cxd4 20. Rxd4 Bc5 21.
Rd3 Qh4 22. Rg3 Bd4 23. Qe2 Qf4 24. h3 Bxc3 25. Rxc3 Rd2 26. Qe1 h6 27. Rf3 Qd6
28. b3 Rd8 29. Qe3 Qe5 30. Re1 Rd1 31. Qe2 R1d2 32. Qa6 Rd1 33. Rfe3 Rxe1+ 34.
Rxe1 Qc3 35. Re3 Rd1+ 36. Kh2 Qc2 37. Re2 Qxb3 38. Qxa7 Qd3 39. Qe3 Qb1 40. f4
Rd3 41. Qf2 Qd1 1/2-1/2

[Event "DMSl_2006_LSS_R2"]
[Site "SZSzach"]
[Date "2006.02.25"]
[Round "2.7"]
[White "Duda, Lukasz"]
[Black "Bulski, Krzysztof"]
[Result "0-1"]
[WhiteElo "2171"]
[BlackElo "2366"]
[PlyCount "92"]
[EventDate "2006.??.??"]

1. e4 c5 2. Nc3 a6 3. g3 b5 4. d3 e6 5. Bg2 Bb7 6. Nf3 d6 7. Be3 Nf6 8. h3 Be7
9. O-O Qc7 10. Ne2 Nc6 11. c3 O-O 12. g4 c4 13. Ng3 cxd3 14. Qxd3 d5 15. exd5
Nxd5 16. Rad1 Rfd8 17. Qe2 b4 18. c4 Nxe3 19. Qxe3 Bd6 20. Nh5 Ne7 21. b3 Ng6
22. Rfe1 Bc5 23. Qe2 h6 24. Qb2 Bf8 25. Qc1 Qa5 26. Qc2 Qc7 27. Qc1 Bc6 28.
Rxd8 Rxd8 29. Rd1 e5 30. Rxd8 Qxd8 31. Qd2 Qa5 32. Qe2 Qc5 33. Qe3 Qxe3 34.
fxe3 Bc5 35. Kf2 Be4 36. Ng3 Bd3 37. Nd2 Nf4 38. Ngf1 Nxg2 39. Kxg2 g6 40. Kf3
f5 41. gxf5 gxf5 42. Ng3 e4+ 43. Ngxe4 fxe4+ 44. Nxe4 Be7 45. Nd2 Kf7 46. e4
Bg5 0-1

[Event "DMSl_2006_LSS_R2"]
[Site "SZSzach"]
[Date "2006.02.25"]
[Round "2.8"]
[White "Markiewicz, Jacek"]
[Black "Turlej, Lukasz"]
[Result "1-0"]
[WhiteElo "2261"]
[BlackElo "2122"]
[Annotator "dalej zapisy nieczytelne"]
[PlyCount "120"]
[EventDate "2006.??.??"]

1. e4 c5 2. Nc3 Nc6 3. Nf3 Nf6 4. d4 cxd4 5. Nxd4 e5 6. Ndb5 d6 7. Bg5 a6 8.
Na3 b5 9. Bxf6 gxf6 10. Nd5 f5 11. c3 Bg7 12. exf5 Bxf5 13. Nc2 Be6 14. Nce3
O-O 15. g3 f5 16. Bg2 Ra7 17. O-O f4 18. Nc2 Raf7 19. Be4 Bf5 20. Qd3 Ne7 21.
Nxe7+ Qxe7 22. Nb4 Kh8 23. Rad1 Qa7 24. Bxf5 Rxf5 25. Nc6 Qb6 26. Ne7 R5f7 27.
Nd5 Qc5 28. gxf4 exf4 29. Qf3 a5 30. a3 Rf5 31. Kh1 Be5 32. Rg1 Qc6 33. Rg4 b4
34. axb4 axb4 35. Rdg1 Qa8 36. c4 Bxb2 37. Qg2 R5f7 38. f3 Bd4 39. Qe2 Qa7 40.
Rd1 Be5 41. Nxb4 Qe3 42. Qg2 Rg7 43. Rxg7 Bxg7 44. Nd5 Qb3 45. Qe2 Qa4 46. Rg1
Bd4 47. Qe7 Qe8 48. Rd1 Qxe7 49. Nxe7 Be5 50. Rd5 Kg7 51. Rd2 Kf7 52. Nd5 Rc8
53. Rc2 Ke6 54. Kg2 Rc5 55. Kf2 Bd4+ 56. Ke2 Be5 57. Kd3 Kf5 58. Ra2 Kg6 59.
Ra7 h6 60. Ra8 Kg5 1-0

[Event "DMSl_2006_LSS_R2"]
[Site "SZSzach"]
[Date "2006.02.25"]
[Round "2.9"]
[White "Gmaj, Krzysztof"]
[Black "Masternak, Aleksander"]
[Result "1/2-1/2"]
[WhiteElo "2096"]
[BlackElo "2224"]
[PlyCount "65"]
[EventDate "2006.??.??"]

1. e4 d6 2. d4 Nf6 3. Nc3 e5 4. Nf3 Nbd7 5. Bc4 Be7 6. O-O O-O 7. h3 c6 8. a4
exd4 9. Nxd4 d5 10. exd5 Nb6 11. Ba2 Nbxd5 12. Nxd5 Nxd5 13. c3 Bf6 14. Re1 Re8
15. Bd2 Bxd4 16. cxd4 Rxe1+ 17. Qxe1 Be6 18. Bb1 Qh4 19. Qe5 h6 20. Ra3 Qf6 21.
Qe4 g6 22. Rg3 Kh7 23. Qe2 Bf5 24. Rf3 Qe6 25. Qxe6 Bxe6 26. Kf1 Re8 27. a5 Kg7
28. Bd3 b5 29. Be2 Bf5 30. Ra3 a6 31. Ra1 f6 32. Rc1 Rc8 33. g4 1/2-1/2

[Event "DMSl_2006_LSS_R2"]
[Site "SZSzach"]
[Date "2006.02.25"]
[Round "2.10"]
[White "Kwiecien, Zbigniew"]
[Black "Kornasiewicz, Jacek"]
[Result "1-0"]
[WhiteElo "2193"]
[BlackElo "2195"]
[PlyCount "65"]
[EventDate "2006.??.??"]

1. e4 e6 2. d4 d5 3. Nd2 Nf6 4. e5 Nfd7 5. Bd3 c5 6. c3 Nc6 7. Ne2 cxd4 8. cxd4
Qb6 9. Nf3 f6 10. exf6 Nxf6 11. O-O Bd6 12. Nc3 O-O 13. a3 Bd7 14. Re1 Rae8 15.
Bg5 Kh8 16. Bc2 a6 17. Qd3 g6 18. Bh6 Rf7 19. Ng5 Rfe7 20. Qf3 Qxd4 21. Rad1
Qh4 22. Qxf6+ Kg8 23. Bxg6 Qxh2+ 24. Kf1 hxg6 25. Qxg6+ Kh8 26. Re3 e5 27. Rg3
Qh1+ 28. Ke2 Nd4+ 29. Kd2 Nb3+ 30. Kc2 Nd4+ 31. Rxd4 exd4 32. Qf6+ Kg8 33. Nf7+
1-0

[Event "DMSl_2006_LSS_R2"]
[Site "SZSzach"]
[Date "2006.02.25"]
[Round "2.11"]
[White "Morkisz, Bogdan"]
[Black "Matyszkiewicz, Marcin"]
[Result "0-1"]
[WhiteElo "2145"]
[BlackElo "2099"]
[PlyCount "68"]
[EventDate "2006.??.??"]

1. e4 c5 2. Nc3 Nc6 3. g3 g6 4. Bg2 Bg7 5. d3 e6 6. Be3 Nd4 7. Qd2 Ne7 8. Nd1
b6 9. c3 Ndc6 10. Bh6 Bxh6 11. Qxh6 Ba6 12. Ne3 Qc7 13. Rd1 Ne5 14. Bf1 d5 15.
f4 N5c6 16. exd5 exd5 17. Bh3 f5 18. Nf3 O-O-O 19. O-O d4 20. cxd4 Nxd4 21. Ng5
Ng8 22. Qh4 Qe7 23. Nc4 h6 24. Ne5 hxg5 25. Qxh8 gxf4 26. gxf4 Ne2+ 27. Kh1
Bb7+ 28. Bg2 Bxg2+ 29. Kxg2 Qb7+ 30. Kh3 Qe7 31. Rde1 Nf6 32. Qxd8+ Qxd8 33.
Rxe2 Ng4 34. Nxg4 Qxd3+ 0-1

[Event "DMSl_2006_LSS_R2"]
[Site "SZSzach"]
[Date "2006.02.25"]
[Round "2.12"]
[White "Blimke, Dalia"]
[Black "Krajewska, Katarzyna"]
[Result "1-0"]
[WhiteElo "2220"]
[BlackElo "1990"]
[PlyCount "75"]
[EventDate "2006.??.??"]

1. e4 e6 2. Nf3 d5 3. e5 c5 4. b4 b6 5. a3 Qd7 6. c3 Nc6 7. d4 c4 8. Be2 Bb7 9.
O-O O-O-O 10. a4 h6 11. h4 f5 12. Na3 Nb8 13. b5 g6 14. Nc2 Qc7 15. Ba3 Bxa3
16. Rxa3 Ne7 17. Qd2 Kd7 18. a5 Rdg8 19. axb6 axb6 20. g3 Ke8 21. Nce1 Qd7 22.
Bd1 Nc8 23. Ng2 Qe7 24. Ra2 Nd7 25. Kh2 g5 26. Rh1 g4 27. Nfe1 h5 28. Nf4 Nf8
29. Neg2 Ng6 30. Nxg6 Rxg6 31. Nf4 Rgg8 32. Bc2 Kd7 33. Rha1 Kc7 34. Qc1 Qd7
35. Qa3 Ne7 36. Re1 Rh6 37. Qb4 Ng6 38. Qd6+ 1-0

[Event "DMSl_2006_LSS_R2"]
[Site "SZSzach"]
[Date "2006.02.25"]
[Round "2.13"]
[White "Jurek, Pawel"]
[Black "Kubit, Tomasz"]
[Result "1/2-1/2"]
[WhiteElo "2177"]
[BlackElo "2180"]
[PlyCount "117"]
[EventDate "2006.??.??"]

1. e4 d5 2. exd5 Nf6 3. Bb5+ Bd7 4. Be2 Nxd5 5. d4 Bf5 6. Nf3 e6 7. a3 Be7 8.
c4 Nb6 9. Nc3 O-O 10. h3 h6 11. Be3 Bf6 12. g4 Bg6 13. h4 c5 14. g5 cxd4 15.
Bxd4 Bxd4 16. Qxd4 Qxd4 17. Nxd4 hxg5 18. hxg5 N8d7 19. b4 a5 20. O-O axb4 21.
axb4 Rxa1 22. Rxa1 Rc8 23. c5 Nxc5 24. bxc5 Rxc5 25. Ndb5 Rxg5+ 26. Kf1 Nd5 27.
Ra8+ Kh7 28. Rb8 Nxc3 29. Nxc3 Rc5 30. Nb5 Be4 31. Ke1 Kg6 32. Nd6 Bd5 33. Nxb7
Bxb7 34. Rxb7 Kf6 35. Kd2 Rd5+ 36. Bd3 g6 37. Ke3 Re5+ 38. Kf4 Rd5 39. Be4 Rc5
40. Ke3 Rc3+ 41. Kd4 Rc1 42. Ra7 Rd1+ 43. Ke3 Rc1 44. Bd3 Rc5 45. Rd7 Re5+ 46.
Kd4 Ra5 47. Be4 Ra4+ 48. Ke3 Ra3+ 49. Bd3 Rb3 50. Rc7 Rb4 51. Bc4 Rb1 52. Ba6
Rb3+ 53. Ke2 Rb2+ 54. Kf3 Rb3+ 55. Kg2 Rb4 56. Bc8 Rb5 57. f3 Rf5 58. Bd7 Rf4
59. Be8 1/2-1/2

[Event "DMSl_2006_LSS_R2"]
[Site "SZSzach"]
[Date "2006.02.25"]
[Round "2.14"]
[White "Moroz, Henryk"]
[Black "Lukaszek, Stanislaw"]
[Result "0-1"]
[WhiteElo "2072"]
[BlackElo "2091"]
[PlyCount "42"]
[EventDate "2006.??.??"]

1. e4 d6 2. d4 Nf6 3. Nc3 g6 4. Be3 c6 5. Qd2 Nbd7 6. O-O-O b5 7. d5 b4 8. dxc6
bxc3 9. cxd7+ Bxd7 10. Qxc3 Bg7 11. Bc4 O-O 12. Qd3 Qc7 13. Ne2 Rfc8 14. Ba6
Rcb8 15. Nc3 Qa5 16. Bc4 Rxb2 17. Bb3 Rxb3 18. axb3 Rc8 19. Nb1 Nxe4 20. f3 Nc3
21. Bd4 Bxd4 0-1

[Event "DMSl_2006_LSS_R2"]
[Site "SZSzach"]
[Date "2006.02.25"]
[Round "2.15"]
[White "Ozog, Leon"]
[Black "Niwinski, Wlodzimierz"]
[Result "1-0"]
[WhiteElo "2171"]
[BlackElo "2075"]
[PlyCount "65"]
[EventDate "2006.??.??"]

1. e4 c5 2. Nc3 Nc6 3. g3 g6 4. Bg2 Bg7 5. f4 d6 6. d3 e5 7. Nf3 Nge7 8. O-O
O-O 9. Be3 Nd4 10. h3 Rb8 11. Rb1 b5 12. Ne2 b4 13. g4 f5 14. gxf5 gxf5 15.
Nfxd4 exd4 16. Bd2 Kh8 17. Ng3 Be6 18. Nh5 Rg8 19. Nxg7 Rxg7 20. Kh2 Qg8 21.
Rg1 Qf7 22. a3 a5 23. axb4 axb4 24. c3 b3 25. cxd4 cxd4 26. Rc1 Ng6 27. Qe2 Nh4
28. Bh1 Rbg8 29. Qf2 Rxg1 30. Rxg1 Rxg1 31. Qxg1 Qf6 32. Qg3 Ng6 33. Bf3 1-0

[Event "DMSl_2006_LSS_R2"]
[Site "SZSzach"]
[Date "2006.02.25"]
[Round "2.16"]
[White "Warchalowski, Daniel"]
[Black "Kwasny, Leszek"]
[Result "1-0"]
[WhiteElo "1990"]
[BlackElo "1909"]
[PlyCount "49"]
[EventDate "2006.??.??"]

1. e4 c6 2. d4 d5 3. f3 dxe4 4. fxe4 e5 5. Nf3 exd4 6. Bc4 Qd6 7. O-O h6 8.
Bxf7+ Kxf7 9. Ne5+ Ke8 10. Qh5+ g6 11. Nxg6 Nf6 12. Qf3 Bg4 13. Qxf6 Qxf6 14.
Rxf6 Rg8 15. Rxf8+ Rxf8 16. Nxf8 Kxf8 17. Bxh6+ Ke7 18. Nd2 Nd7 19. Bg5+ Ke6
20. Rf1 b5 21. Rf4 Bd1 22. Rh4 Bxc2 23. Rh6+ Ke5 24. g3 Bxe4 25. Bf4+ 1-0

[Event "DMSl_2006_LSS_R2"]
[Site "SZSzach"]
[Date "2006.02.25"]
[Round "2.17"]
[White "Kazek, Krzysztof"]
[Black "Jacel, Lukasz"]
[Result "1/2-1/2"]
[WhiteElo "2170"]
[BlackElo "1936"]
[PlyCount "50"]
[EventDate "2006.??.??"]

1. Nf3 Nf6 2. c4 e6 3. g3 b6 4. Bg2 Bb7 5. d4 Bb4+ 6. Bd2 Bxd2+ 7. Qxd2 O-O 8.
O-O Qe7 9. Nc3 Ne4 10. Nxe4 Bxe4 11. Qf4 d5 12. cxd5 exd5 13. Rac1 c5 14. Qe3
Nd7 15. dxc5 bxc5 16. Nd2 Rfe8 17. Nxe4 dxe4 18. Bh3 Rac8 19. Rfd1 Rc7 20. Bxd7
Rxd7 21. Rxd7 Qxd7 22. Rxc5 h6 23. Kg2 Qd6 24. b4 Re7 25. b5 Qe6 1/2-1/2

[Event "DMSl_2006_LSS_R2"]
[Site "SZSzach"]
[Date "2006.02.25"]
[Round "2.19"]
[White "Lozynski, Kamil"]
[Black "Maciol, Ryszard"]
[Result "0-1"]
[WhiteElo "1943"]
[BlackElo "2236"]
[PlyCount "82"]
[EventDate "2006.??.??"]

1. d4 Nf6 2. c4 e6 3. Nf3 c5 4. d5 b5 5. Bg5 h6 6. Bxf6 Qxf6 7. Qc2 bxc4 8. Nc3
Na6 9. a3 Nc7 10. e4 exd5 11. exd5 Bd6 12. Bxc4 O-O 13. O-O Re8 14. Rfe1 Bb7
15. Re3 Bf4 16. Rxe8+ Rxe8 17. Qd3 d6 18. Re1 Rxe1+ 19. Nxe1 Bc8 20. Qe2 Be5
21. Nb5 Nxb5 22. Bxb5 Bb7 23. Bc6 Qe7 24. g3 Bc8 25. b3 Kf8 26. Nc2 Bb2 27. Qd3
g6 28. Qd2 Kg7 29. a4 Qe4 30. Ne3 Bd4 31. Qc2 Qe5 32. Qd3 Bh3 33. Nc2 Bf5 34.
Qd1 Qe4 35. Nxd4 cxd4 36. f3 Qe3+ 37. Kg2 h5 38. h4 d3 39. Bb5 d2 40. Be2 Bc2
41. Qf1 Qxe2+ 0-1

[Event "DMSl_2006_LSS_R2"]
[Site "SZSzach"]
[Date "2006.02.25"]
[Round "2.20"]
[White "Diczew, Filip"]
[Black "Botor, Michal"]
[Result "1-0"]
[WhiteElo "2154"]
[BlackElo "1903"]
[PlyCount "69"]
[EventDate "2006.??.??"]

1. e4 c5 2. Nc3 Nc6 3. g3 e6 4. Bg2 Nge7 5. d3 g6 6. Be3 d6 7. Qd2 Bg7 8. Nge2
O-O 9. h4 h5 10. g4 e5 11. gxh5 Kh7 12. hxg6+ Nxg6 13. Bg5 f6 14. Be3 Be6 15.
h5 Nge7 16. Nd5 Nd4 17. c3 Nxe2 18. Qxe2 Rg8 19. Nxe7 Qxe7 20. Bf3 b5 21. Bg4
Bh6 22. Bxe6 Qxe6 23. b3 Rg7 24. Bxh6 Kxh6 25. Kd2 Rag8 26. Qe3+ Kh7 27. Kc2 f5
28. exf5 Qxf5 29. Kd2 Rg2 30. Raf1 Rf8 31. Ke1 c4 32. Rh3 cxb3 33. axb3 Rf7 34.
Qe4 a5 35. Qxg2 1-0

[Event "DMSl_2006_LSS_R2"]
[Site "SZSzach"]
[Date "2006.02.25"]
[Round "2.21"]
[White "Buchowski, Adam"]
[Black "Swiercz, Dariusz"]
[Result "0-1"]
[WhiteElo "1993"]
[BlackElo "2137"]
[PlyCount "74"]
[EventDate "2006.??.??"]

1. d4 Nf6 2. Nf3 c5 3. e3 g6 4. Bd3 Bg7 5. O-O O-O 6. Nbd2 cxd4 7. exd4 Nc6 8.
c3 d5 9. Re1 Bf5 10. Bf1 Rc8 11. Nb3 Ne4 12. Bf4 Re8 13. h3 Qb6 14. Nfd2 e5 15.
Nxe4 dxe4 16. dxe5 Red8 17. Qe2 Nxe5 18. Bxe5 Bxe5 19. g4 Be6 20. Qxe4 Bb8 21.
Rad1 Qc7 22. f4 Re8 23. Qd4 Qe7 24. Qe3 Qf6 25. Nd4 Bxf4 26. Qf2 Qg5 27. Nxe6
Rxe6 28. Rxe6 fxe6 29. Kh1 b6 30. Rd7 Rf8 31. Bc4 Qe5 32. Qe2 Be3 33. Qg2 Bc5
34. Rd2 Qe1+ 35. Kh2 Bg1+ 36. Qxg1 Qxd2+ 37. Kg3 Qf4+ 0-1

[Event "DMSl_2006_LSS_R2"]
[Site "SZSzach"]
[Date "2006.02.25"]
[Round "2.22"]
[White "Swiatloch, Michal"]
[Black "Swiech, Piotr"]
[Result "1-0"]
[WhiteElo "2114"]
[BlackElo "2081"]
[PlyCount "65"]
[EventDate "2006.??.??"]

1. e4 e6 2. Qe2 c5 3. c3 Nc6 4. Nf3 d5 5. e5 Nge7 6. d3 Nf5 7. g3 Be7 8. Bg2
Bd7 9. Nbd2 Qc7 10. Nf1 d4 11. c4 Nb4 12. Qd1 Bc6 13. a3 Bxf3 14. Bxf3 Qxe5+
15. Be2 Nc6 16. Bf4 Qf6 17. Nd2 e5 18. Ne4 Qe6 19. Bg5 f6 20. Bd2 O-O 21. Bg4
g6 22. h4 Qf7 23. h5 Ng7 24. hxg6 hxg6 25. Bf3 Ne6 26. Bh6 Rfd8 27. Qd2 Bf8 28.
O-O-O Ne7 29. g4 Rab8 30. Rh2 b5 31. Rdh1 Ng7 32. Bg5 Qe6 33. Bxf6 1-0

[Event "DMSl_2006_LSS_R2"]
[Site "SZSzach"]
[Date "2006.02.25"]
[Round "2.23"]
[White "Botor, Michalina"]
[Black "Ociepka, Tomasz"]
[Result "0-1"]
[WhiteElo "1826"]
[BlackElo "1995"]
[PlyCount "56"]
[EventDate "2006.??.??"]

1. c4 Nf6 2. Nc3 g6 3. g3 Bg7 4. Bg2 O-O 5. d3 e5 6. e4 d6 7. Nge2 Bg4 8. h3
Be6 9. O-O c6 10. f4 Qd7 11. Kh2 Nh5 12. Rb1 a5 13. a3 Na6 14. b4 exf4 15. Bxf4
Nxf4 16. Rxf4 f5 17. b5 Nc5 18. Rf1 fxe4 19. Rxf8+ Rxf8 20. bxc6 bxc6 21. Nxe4
Nxe4 22. Bxe4 Bxh3 23. Nf4 Bf5 24. Bg2 Be5 25. Ne2 Bg4 26. Qe1 Qf5 27. Nc1 Qh5+
28. Kg1 Bd4+ 0-1

[Event "DMSl_2006_LSS_R2"]
[Site "SZSzach"]
[Date "2006.02.25"]
[Round "2.24"]
[White "Kumorowicz, Katarzyna"]
[Black "Halamus, Agata"]
[Result "0-1"]
[WhiteElo "1955"]
[BlackElo "1941"]
[PlyCount "50"]
[EventDate "2006.??.??"]

1. e4 c5 2. Nc3 Nc6 3. g3 g6 4. Bg2 Bg7 5. d3 e5 6. Be3 d6 7. Qd2 Be6 8. Nf3 h6
9. Nd1 Qd7 10. c3 Bh3 11. O-O Bxg2 12. Kxg2 b6 13. a4 d5 14. Qc2 Nge7 15. Bd2
O-O 16. Ne3 Rad8 17. Rad1 f5 18. exd5 Nxd5 19. Qb3 Kh7 20. Nc4 Qe6 21. Bc1 e4
22. dxe4 fxe4 23. Nfd2 e3 24. Nxe3 Nxe3+ 25. fxe3 Rxd2+ 0-1

[Event "DMSl_2006_LSS_R2"]
[Site "SZSzach"]
[Date "2006.02.25"]
[Round "2.25"]
[White "Wojciechowski, Adam"]
[Black "Drozd, Ryszard"]
[Result "0-1"]
[WhiteElo "2213"]
[BlackElo "2263"]
[PlyCount "94"]
[EventDate "2006.??.??"]

1. e4 c5 2. Nc3 Nc6 3. Nge2 g6 4. d4 Bg7 5. Be3 cxd4 6. Nxd4 Nf6 7. Bc4 O-O 8.
Bb3 a6 9. a4 d6 10. h3 Qc7 11. O-O Na5 12. Qd2 Nc4 13. Bxc4 Qxc4 14. a5 Bd7 15.
Qd3 Rac8 16. Nde2 Qb4 17. Bd2 Bb5 18. Nxb5 Qxb5 19. Nc3 Qh5 20. Ra3 Rc7 21. Na4
Nd7 22. Rb3 Rfc8 23. g4 Qh4 24. Qd5 h6 25. Be1 Qg5 26. Qxg5 hxg5 27. c3 Rb8 28.
Rb4 Ne5 29. Nb6 e6 30. Kg2 Rc5 31. Rd4 Rxa5 32. Rxd6 Rb5 33. b4 Bf8 34. c4 Bxd6
35. cxb5 axb5 36. Bc3 Rd8 37. Rd1 Nc6 38. Nc8 Rxc8 39. Rxd6 Ra8 40. e5 Kf8 41.
Rd8+ Nxd8 42. Bd2 Nc6 43. Bxg5 Nxb4 44. Kf3 Nd3 45. Bf6 b4 46. Ke3 Nxf2 47.
Kxf2 b3 0-1

[Event "DMSl_2006_LSS_R2"]
[Site "SZSzach"]
[Date "2006.02.25"]
[Round "2.26"]
[White "Osipow, Nikolaj"]
[Black "Moskalik, Andrzej"]
[Result "1-0"]
[WhiteElo "2203"]
[BlackElo "2144"]
[PlyCount "69"]
[EventDate "2006.??.??"]

1. e4 e6 2. d4 d5 3. exd5 exd5 4. Nf3 Bd6 5. c4 dxc4 6. Bxc4 Nf6 7. O-O O-O 8.
Bg5 Nc6 9. Nc3 h6 10. Be3 Bg4 11. h3 Bh5 12. Be2 Re8 13. Qb3 Rb8 14. Rad1 Qe7
15. a3 a6 16. Rfe1 Qd7 17. Ne5 Nxe5 18. dxe5 Rxe5 19. Bxh5 Nxh5 20. Nd5 Qe6 21.
Qd3 Rd8 22. f4 Rxd5 23. Qxd5 Qg6 24. g4 Nf6 25. Qd3 Qxd3 26. Rxd3 Re8 27. Kf2
Ne4+ 28. Kf3 Nc5 29. Rd5 Ne6 30. Red1 Kf8 31. f5 Ng5+ 32. Bxg5 hxg5 33. R5d2 f6
34. Re2 Rxe2 35. Kxe2 1-0

[Event "DMSl_2006_LSS_R2"]
[Site "SZSzach"]
[Date "2006.02.25"]
[Round "2.27"]
[White "Lubosik, Zbigniew"]
[Black "Janiszewski, Maciej"]
[Result "1-0"]
[WhiteElo "2131"]
[BlackElo "2127"]
[PlyCount "71"]
[EventDate "2006.??.??"]

1. d4 Nf6 2. Nf3 g6 3. Nc3 Bg7 4. e4 O-O 5. Bg5 h6 6. Bh4 c5 7. Be2 cxd4 8.
Nxd4 g5 9. Bg3 d5 10. Ndb5 d4 11. e5 Nfd7 12. Nxd4 Nxe5 13. O-O a6 14. Nb3 Nbc6
15. f4 gxf4 16. Bxf4 Qb6+ 17. Kh1 e6 18. Qe1 Ng6 19. Bd6 Rd8 20. Bc5 Qc7 21.
Qf2 Rd7 22. Bb6 Qe5 23. Nc5 Re7 24. Rad1 f5 25. Bf3 Nd4 26. Nd3 Qf6 27. Bd8 e5
28. Nd5 Qd6 29. Bxe7 Nxe7 30. Nxe7+ Qxe7 31. Bd5+ Kh8 32. c3 Nb5 33. Rfe1 e4
34. Nf4 Kh7 35. Qb6 Bf6 36. Bxe4 1-0

[Event "DMSl_2006_LSS_R2"]
[Site "SZSzach"]
[Date "2006.02.25"]
[Round "2.28"]
[White "Zarychta, Krzysztof"]
[Black "Gola, Karol"]
[Result "1-0"]
[WhiteElo "2203"]
[BlackElo "2058"]
[Annotator "dalej zapisy nieczytelne"]
[PlyCount "77"]
[EventDate "2006.??.??"]

1. e4 c5 2. Nf3 e6 3. d4 cxd4 4. Nxd4 a6 5. c4 Nf6 6. Nc3 Bb4 7. Bd3 Nc6 8. Nc2
Be7 9. O-O O-O 10. f4 d6 11. Qe2 Qc7 12. Bd2 b6 13. Rae1 Rd8 14. Rf3 Bb7 15.
Rh3 Nd7 16. Nd5 Qc8 17. Qh5 Nf8 18. Nxb6 Qc7 19. Nxa8 Bxa8 20. Bc3 Qb6+ 21. Kh1
Bb7 22. b4 Qc7 23. e5 g6 24. exd6 Rxd6 25. Qh6 f6 26. c5 Rd7 27. Bc4 Nd8 28.
Nd4 Bd5 29. Bxd5 Rxd5 30. f5 exf5 31. Qe3 Re5 32. Qd3 Nc6 33. Nxc6 Rxe1+ 34.
Bxe1 Qxc6 35. Re3 Qb7 36. c6 Qc7 37. h3 Kg7 38. Bc3 f4 39. Re4 1-0

[Event "DMSl_2006_LSS_R2"]
[Site "SZSzach"]
[Date "2006.02.25"]
[Round "2.29"]
[White "Dudys, Jakub"]
[Black "Matuszczyk, Krystian"]
[Result "1-0"]
[WhiteElo "2005"]
[BlackElo "2057"]
[PlyCount "97"]
[EventDate "2006.??.??"]

1. e4 d6 2. d4 g6 3. Nc3 Bg7 4. Bg5 c5 5. dxc5 Qa5 6. Bb5+ Bd7 7. Bxd7+ Nxd7 8.
Nge2 Nxc5 9. O-O h6 10. Bd2 Qd8 11. Be3 Nd7 12. Qd2 Ngf6 13. f3 a6 14. a4 Rc8
15. Kh1 Ne5 16. b3 Qc7 17. Rac1 e6 18. Rfd1 Rd8 19. Nd4 O-O 20. Nce2 d5 21.
exd5 Rxd5 22. c4 Rdd8 23. Bxh6 Neg4 24. fxg4 Nxg4 25. Bf4 e5 26. Bg3 Bh6 27.
Qe1 Bxc1 28. Rxc1 Qc6 29. c5 Qf6 30. Nf3 e4 31. Bh4 Qb2 32. Bxd8 exf3 33. gxf3
Rxd8 34. Rb1 Nf2+ 35. Kg2 Qc2 36. Kxf2 Rd2 37. Ra1 Qxc5+ 38. Kf1 Rd3 39. Qg3
Qf5 40. Kg2 Rxb3 41. Rd1 Rb2 42. Rd8+ Kg7 43. Kf1 Qb1+ 44. Kf2 Qf5 45. Qh4 Qc5+
46. Kf1 Rb1+ 47. Kg2 g5 48. Qh8+ Kg6 49. Rg8+ 1-0

[Event "DMSl_2006_LSS_R2"]
[Site "SZSzach"]
[Date "2006.02.25"]
[Round "2.30"]
[White "Tekielak, Izabela"]
[Black "Krasnodebska, Magdalena"]
[Result "1/2-1/2"]
[WhiteElo "2115"]
[BlackElo "1931"]
[PlyCount "75"]
[EventDate "2006.??.??"]

1. e4 c5 2. Nf3 e6 3. c3 d5 4. exd5 Qxd5 5. d4 Nc6 6. Be3 cxd4 7. Nxd4 Bc5 8.
Nc2 Qxd1+ 9. Kxd1 Bxe3 10. Nxe3 Nf6 11. Nd2 O-O 12. Kc2 b6 13. Be2 Bb7 14. Ndc4
Rfd8 15. Rhd1 Nd5 16. b3 Rac8 17. a4 Nxe3+ 18. fxe3 Ba6 19. Bf3 Bxc4 20. Bxc6
Bd3+ 21. Rxd3 Rxd3 22. Kxd3 Rxc6 23. a5 Kf8 24. axb6 axb6 25. Ra7 Rd6+ 26. Ke2
g5 27. Rb7 Kg7 28. c4 Kg6 29. e4 h5 30. Ke3 f5 31. e5 f4+ 32. Ke2 Rc6 33. Kd3
Kf5 34. Kd4 g4 35. Rf7+ Kg5 36. Ke4 b5 37. cxb5 Rb6 38. Rg7+ 1/2-1/2

[Event "DMSl_2006_LSS_R2"]
[Site "SZSzach"]
[Date "2006.02.25"]
[Round "2.31"]
[White "Piter, Slawomir"]
[Black "Kozak, Pawel"]
[Result "1-0"]
[WhiteElo "2159"]
[BlackElo "2085"]
[PlyCount "115"]
[EventDate "2006.??.??"]

1. e4 c5 2. c3 d5 3. exd5 Qxd5 4. d4 e5 5. dxe5 Qxd1+ 6. Kxd1 Nc6 7. Bf4 Bg4+
8. Be2 O-O-O+ 9. Nd2 Bxe2+ 10. Kxe2 Nge7 11. Ngf3 Ng6 12. Bg3 Re8 13. Rhe1 Bd6
14. Nc4 Bb8 15. Kf1 b5 16. Nd6+ Bxd6 17. exd6 f5 18. d7+ Kxd7 19. Red1+ Kc8 20.
Bd6 c4 21. Rd5 Rd8 22. Rad1 h6 23. Rxf5 Rd7 24. Rfd5 Rhd8 25. R5d2 Nce5 26.
Bxe5 Rxd2 27. Rxd2 Rxd2 28. Nxd2 Nxe5 29. b4 Nd3 30. Ne4 Kd7 31. a3 a6 32. g3
Kc6 33. Ke2 Kd5 34. f3 Nc1+ 35. Ke3 Nd3 36. Kd2 Ne5 37. Ke2 Nd3 38. Nf2 Ne5 39.
Ke3 Nc6 40. f4 a5 41. Ne4 axb4 42. axb4 Ne7 43. g4 Ng6 44. Ng3 Nf8 45. f5 Nd7
46. Nh5 Ne5 47. Nf4+ Kd6 48. h3 Nd7 49. Nh5 Ke5 50. Nxg7 Nf6 51. Nh5 Ne4 52. f6
Ng5 53. h4 Nf7 54. Kf3 Nd6 55. g5 hxg5 56. hxg5 Kf5 57. Ng3+ Kg6 58. Kf4 1-0

[Event "DMSl_2006_LSS_R2"]
[Site "SZSzach"]
[Date "2006.02.25"]
[Round "2.32"]
[White "Grzenia, Jerzy"]
[Black "Porebski, Lukasz"]
[Result "0-1"]
[WhiteElo "2103"]
[BlackElo "2084"]
[PlyCount "101"]
[EventDate "2006.??.??"]

1. Nf3 f5 2. d4 Nf6 3. g3 g6 4. Bg2 Bg7 5. O-O O-O 6. c4 d6 7. Nc3 Qe8 8. d5
Na6 9. Rb1 c6 10. dxc6 bxc6 11. Nd4 Bd7 12. e3 e5 13. Nde2 Qe7 14. b3 Rfd8 15.
Ba3 Be8 16. Rb2 e4 17. Rd2 Bf8 18. h3 Rab8 19. Nd4 Nb4 20. Qe2 Bg7 21. Nc2 a5
22. Rfd1 g5 23. Bxb4 axb4 24. Nb1 Qe5 25. Rf1 Bh5 26. Qe1 Re8 27. Nd4 Rbc8 28.
f4 exf3 29. Nxf3 Bxf3 30. Bxf3 d5 31. Kg2 f4 32. Re2 fxe3 33. Qxb4 d4 34. Rfe1
Ne4 35. Bxe4 Qxe4+ 36. Kh2 Qf3 37. Nd2 Qh5 38. g4 Qf7 39. Nf1 Qf3 40. Qc5 Be5+
41. Kg1 Qxh3 42. Rg2 Qh6 43. Ng3 Qd6 44. Qxd6 Bxd6 45. Nf5 Bc5 46. b4 Bxb4 47.
Rb1 e2 48. Rxe2 Rxe2 49. Rxb4 d3 50. Kf1 Rd8 51. Rb1 0-1